| 000 | 01953cgm a2200301 a 4500 | ||
|---|---|---|---|
| 005 | 20250214151334.0 | ||
| 007 | vd cvaizk | ||
| 008 | 241113s2024 180 ## v eng d | ||
| 024 |
_a841887048415 _q (videorecording) |
||
| 040 |
_aCTMMSN _beng _erda _cCTMMSN |
||
| 092 |
_amovie _b972 Voices |
||
| 245 | 0 | 0 |
_aVOCES: American Historia - Untold History Of Latin _h[videorecording]. |
| 264 |
_a[Place of publication not identified?]: _bPBS, _c2024 |
||
| 264 |
_aOld Saybrook, Connecticut : _bwww.micromarketing.org |
||
| 300 |
_a[1 videodisc (approximately 180 minutes)?] : _bsound, color; _c4 3/4 in. |
||
| 336 | _atwo-dimensional moving image | ||
| 337 | _avideo | ||
| 338 | _avideodisc | ||
| 500 | _a[Typographic symbols and accents removed for systems compatibility.] | ||
| 500 | _aWidescreen edition. | ||
| 520 | _aIn 2018, acclaimed Broadway and film actor John Leguizamo embarked on an exploration of Latino history with his Tony-nominated play, Latin History for Morons. Inspired by his quest to uncover Latino and Latina heroes and their contributions, the new three-part series VOCES American Historia: The Untold History of Latinos brings Leguizamo's passion from the stage to the screen. In this series, Leguizamo takes viewers on a captivating journey, delving into both well-known and lesser-known stories of Latino history and contributions, spanning thousands of years from the Ancient Empires to the early 1970s. Through this exploration, he aims to shine a light on the rich and often overlooked history of Latinos while showcasing how Latino history is American history. Director: Ben DeJesus. PBS; 841887048415; 1 Disc(s); 180 min; Documentary; TV14; 12/31/24 | ||
| 521 | _aRating: TV14. | ||
| 538 | _aDVD, color, widescreen, NTSC. | ||
| 650 | 7 |
_aDocumentaries _2bisacsh _95803517 |
|
| 655 |
_aVideo recordings. _2lcgft |
||
| 710 |
_aPBS _95791530 |
||
| 942 |
_2ddc _cDVD |
||
| 999 |
_c402069 _d402069 |
||